Movies Quiz

Random Movies or Actor Quiz

Memorable Movie Departures Quiz Stats

Quiz not verified by Sporcle

Challenge
Share
Tweet
Embed
Score 0/30 Timer 04:00
0 Plays Today
% Correct
Mary Poppins
90.6%
The Wizard of Oz
88.2%
The Chronicles of Narnia: The Lion, The Witch and the Wardrobe
85.5%
Toy Story 3
84.3%
The Silence of the Lambs
80.2%
E.T.: The Extra Terrestrial
77.8%
The Shawshank Redemption
74%
Jurassic Park
72%
Casablanca
71.4%
The Breakfast Club
71.3%
Dr. Strangelove
70.6%
Dances With Wolves
63%
The Hustler
62%
The Dark Knight Rises
61.1%
The Truman Show
56.8%
% Correct
The Shining
55.8%
Django Unchained
52.5%
The Usual Suspects
51.4%
Captain America: The First Avenger
50.7%
The Princess Bride
48%
Lord of the Rings: The Return of the King
45.7%
One Flew Over the Cuckoo's Nest
44.6%
Monsters Inc.
43.2%
Harry Potter and the Sorcerer's Stone
39.9%
Life of Pi
39.8%
Gone With the Wind
31.6%
Life is Beautiful
29.1%
In the Name of the Father
29%
Once Upon a Time in the West
18.6%
The Treasure of the Sierra Madre
16.7%

You're not logged in!

Compare scores with friends on all Sporcle quizzes.
Join for Free
OR
Log In

You Might Also Like...

Show Comments

Extras

Top Quizzes Today


Score Distribution

Your Account Isn't Verified!

In order to create a playlist on Sporcle, you need to verify the email address you used during registration. Go to your Sporcle Settings to finish the process.

Report this User

Report this user for behavior that violates our Community Guidelines.

Details: